| 000 | 00689nam a2200253 a 4500 | ||
|---|---|---|---|
| 005 | 20210219152919.0 | ||
| 008 | 991125n 000 0 eng u | ||
| 035 | _aUPN01000066957 | ||
| 100 | 1 | _aSmith, John A. | |
| 222 | _aSOCIAL EDUCATION | ||
| 245 | _aA case study on integrating history and reading instruction through literature | ||
| 300 | _a370-375 | ||
| 362 | 0 | _a1992 Vol. 56, no. 7 | |
| 653 | 0 | _aACERCAMIENTO INTERDISCIPLINARIO | |
| 653 | 0 | _aACTIVIDADES INTEGRALES | |
| 653 | 0 | _aHISTORIA | |
| 653 | 0 | _aLITERATURA | |
| 700 | 1 | _aDobson, Dorothy, | |
| 700 | 1 | _ecoaut. | |
| 700 | 1 | _aMonson, Jay A., | |
| 700 | 1 | _ecoaut. | |
| 904 |
_aAC _b004768 |
||
| 905 | _aArticulo | ||
| 999 |
_c63745 _d63745 |
||